| 000 | 00518nam a22001097a 4500 | ||
|---|---|---|---|
| 008 | 110608t xxu||||| |||| 00| 0 eng d | ||
| 010 | _aSCCAF23 | ||
| 245 | _aSupreme Court Crimnal APPEAL No. 50 OF 1999 KAWOYA JOSEPH VS UGANDA | ||
| 260 |
_c1999 _aSUPREME COURT MENGO |
||
| 500 | _aCoram: Oder, Tsekooko, Karokora, Mulenga and Kanyeihamba, JJSC | ||
| 500 | _aAppeal from the decision of the Court of Appeal before KATO, BERKO and Kitumba JJ.A at Kampala dated 28th July 1999 in Court of Appeal Criminal Appeal No. 22 of 1998 | ||
| 999 |
_c2514 _d2514 |
||